Ultimate All Countries Flags Quiz - Statistics

General Stats
  • This quiz has been taken 2,197 times
    2,171 since last reset
  • The average score is 144 of 380
Answer Stats
Picture Answer % Correct
United States
97%
New Zealand
91%
United Kingdom
90%
Australia
89%
France
87%
Iceland
87%
Russia
87%
Netherlands
86%
Japan
83%
South Korea
83%
Chile
82%
Dominican Republic
82%
Panama
82%
Italy
81%
Poland
81%
Czechia
80%
Indonesia
79%
Hungary
78%
Malta
78%
Monaco
78%
Bulgaria
77%
Costa Rica
76%
Madagascar
74%
Benin
70%
Greenland
70%
Mali
69%
Greece
67%
Guinea
67%
Vietnam
66%
Ethiopia
65%
Finland
65%
Ghana
65%
Israel
65%
Turkey
65%
Switzerland
64%
Denmark
63%
Georgia
63%
Myanmar
63%
Qatar
63%
Scotland
63%
Somalia
63%
Cameroon
62%
Lithuania
62%
Bangladesh
61%
China
61%
Germany
61%
Senegal
61%
Singapore
61%
Tunisia
61%
Albania
60%
Bahrain
60%
Belgium
60%
Grenada
60%
Micronesia
60%
Pakistan
60%
Portugal
60%
South Africa
60%
Argentina
59%
Austria
59%
Guyana
59%
Kenya
59%
Peru
59%
Togo
59%
Ukraine
59%
Wales
59%
Algeria
58%
Burkina Faso
58%
Hong Kong
58%
Malaysia
58%
Morocco
58%
Republic of Congo
58%
São Tomé and Príncipe
58%
Belarus
57%
Brazil
57%
Canada
57%
Cuba
57%
India
57%
Ireland
57%
Kazakhstan
57%
Kyrgyzstan
57%
Macedonia
57%
Taiwan
57%
Tonga
57%
Turkmenistan
57%
Angola
56%
Croatia
56%
England
56%
Guinea Bissau
56%
Liberia
56%
Maldives
56%
Mexico
56%
Nepal
56%
North Korea
56%
Norway
56%
Papua New Guinea
56%
Saudi Arabia
56%
Spain
56%
Cyprus
55%
Egypt
55%
Lebanon
55%
Nigeria
55%
Palau
55%
Romania
55%
San Marino
55%
Slovakia
55%
Afghanistan
54%
Bosnia and Herzegovina
54%
Cambodia
54%
Colombia
54%
Honduras
54%
Iran
54%
Iraq
54%
Ivory Coast
54%
Jamaica
54%
Kosovo
54%
Libya
54%
Luxembourg
54%
Malawi
54%
Mauritania
54%
Mozambique
54%
Slovenia
54%
Sweden
54%
Thailand
54%
Uzbekistan
54%
Vatican
54%
Venezuela
54%
Bhutan
53%
Bolivia
53%
Botswana
53%
Chad
53%
Estonia
53%
Laos
53%
Liechtenstein
53%
Mongolia
53%
Philippines
53%
Saint Lucia
53%
Samoa
53%
Serbia
53%
South Sudan
53%
Sri Lanka
53%
Syria
53%
Andorra
52%
Armenia
52%
Azerbaijan
52%
Barbados
52%
Ecuador
52%
Guatemala
52%
Haiti
52%
Isle of Man
52%
Jordan
52%
Latvia
52%
Lesotho
52%
Moldova
52%
Montenegro
52%
Nicaragua
52%
Niger
52%
Seychelles
52%
Tanzania
52%
El Salvador
51%
Eswatini
51%
Gabon
51%
Kuwait
51%
Oman
51%
Rwanda
51%
Uganda
51%
Uruguay
51%
Vanuatu
51%
Zambia
51%
Zimbabwe
51%
Antigua and Barbuda
50%
Brunei
50%
Central African Republic
50%
Djibouti
50%
Kiribati
50%
Marshall Islands
50%
Paraguay
50%
Sierra Leone
50%
Trinidad and Tobago
50%
United Arab Emirates
50%
Yemen
50%
Antarctica
49%
Bahamas
49%
Burundi
49%
Comoros
49%
Dominica
49%
Namibia
49%
Puerto Rico
49%
Tajikistan
49%
Belize
48%
Cape Verde
48%
East Timor
48%
Eritrea
48%
Fiji
48%
Nauru
48%
Suriname
48%
Equatorial Guinea
47%
Gambia
47%
Mauritius
47%
Saint Vincent and Grenadines
47%
Sudan
47%
Democratic Republic of Congo
46%
Mayotte
46%
Palestine
46%
Saint Kitts and Nevis
46%
Texas
46%
Guam
45%
Solomon Islands
45%
Tuvalu
45%
Guadeloupe
43%
Faroe Islands
41%
Northern Ireland
41%
Macau
40%
USSR
40%
Gibraltar
39%
Wake Island
39%
American Samoa
38%
California Republic
37%
Aruba
36%
Florida Republic
36%
Northern Cyprus
36%
Guernsey
35%
Catalonia
34%
Johnston Atoll
33%
Christmas Island
32%
Bermuda
31%
Cook Islands
31%
French Guiana
31%
New Caledonia
31%
Norfolk Island
31%
Åland Island
30%
French Polynesia
30%
Niue
30%
Virginia
30%
Hawaii
29%
Cocos Islands
28%
Curaçao
28%
Tokelau
28%
Western Sahara
28%
Alaska
27%
Somaliland
27%
Tibet
27%
British Virgin Islands
26%
Pridnestrovian Moldavian
26%
Quebec
26%
Anguilla
25%
Abkhazia
24%
Bonaire
23%
Falkland Islands
23%
Martinique
23%
South Ossetia
23%
British Indian Ocean Territory
22%
Corsica
22%
Montserrat
22%
Réunion
22%
Sicily
22%
United States Virgin Islands
22%
Artsakh
21%
Northern Mariana Islands
21%
Saint Pierre and Miquelon
21%
Azores
20%
Turks and Caicos
20%
Wallis and Futuna
20%
Prussia
19%
Rapa Nui
19%
Sint Maarten
19%
Canary Islands
18%
Cayman Islands
18%
Pitcairn Islands
18%
Tlaxcala
18%
Basque Country
17%
French Southern and Antarctic Lands
17%
Saba
17%
Saint Helena
17%
Saint Barthelemy
16%
British Antarctic Territory
15%
Chechen Republic
15%
Shetland
15%
South Georgia and the South Sandwich Islands
15%
Donetsk People's Republic
14%
Sealand
14%
Sint Eustatius
14%
Ceuta
13%
Luhansk People's Republic
13%
Ascension Island
12%
Madeira
12%
Tristan da Cunha
12%
Bougainville
11%
Tasmania
11%
Western Australia
11%
West Papua
11%
Ambazonia
10%
Lombardy
10%
Queensland
10%
Republic of Yakutia
10%
South Australia
10%
Aerica
9%
Darfur
9%
Midway Atoll
9%
New South Wales
9%
Galapagos
8%
Melilla
8%
Orkney
8%
Piratini Republic
8%
Rhodesia
8%
Tatarstan
8%
Anjouan
7%
Azawad
7%
Barotseland
7%
Biafra
7%
New Moscow
7%
Republic of Stellaland
7%
South Kasai
7%
Zanzibar People's Republic
7%
Kurdistan
6%
Martian Congressional Republic
6%
Ross Dependency
6%
Tagalog People's Republic
6%
Vermont Republic
6%
Aceh Sultanate
5%
Argentine Antarctica
5%
Azad Kashmir
5%
Chilean Antarctic Territory
5%
Liberland
5%
Lord Howe Island
5%
Maakhir
5%
Republic of the Rif
5%
Asgardia
4%
British Cyprus
4%
Celestia
4%
Gagauz Republic
4%
Republic of Sonora
4%
Republic of Yucatán
4%
United Belgian States
4%
Bophuthatswana
3%
Cabinda
3%
Gilgit Baltistan
3%
Islands of Refreshment
3%
Jubaland
3%
Juliana Republic
3%
Khanate of Kalat
3%
Kuban People's Republic
3%
Mahdist State
3%
Military Order of Malta
3%
Mohéli
3%
Natalia Republic
3%
North Ingria
3%
Republic of Canada
3%
Republic of Liège
3%
Republic of Logone
3%
Republic of Maryland
3%
Rogaland
3%
Rwenzururu
3%
Senusiyya
3%
South Peru
3%
State of Katanga
3%
Tripolitanian Republic
3%
Venda
3%
Alash Autonomy
2%
Bukharan People's Soviet Republic
2%
Bushmanland
2%
Ciskei
2%
Couto Misto
2%
Damaraland
2%
Deseret
2%
Goshen
2%
Hyderabad
2%
Khaatumo
2%
Klein Vrystaat
2%
Lanfang Republic
2%
Martyazo
2%
Muskogee
2%
Namaland
2%
Nieuwe Republiek
2%
Rehoboth
2%
Republic of Entre Rios
2%
Sedang
2%
Suvadive Islands
2%
Tavolara
2%
Transkei
2%
Wirtland
2%
No matching quizzes found
Score Distribution
Percent of People with Each Score
Percentile by Number Answered
Your Score History
You have not taken this quiz since the last reset